Japan and a Pacific free trade area.

Saved in:
Bibliografiske detaljer
Hovedforfatter: Kojima, Kiyoshi, 1920-
Format: Bog
Sprog:English
Udgivet: Berkeley : University of California Press, [1971].
Fag:
LEADER 00808nam a2200229 i 4500
001 c000279589
003 CARM
005 00000000000000.0
008 840313s1971 cau 0 eng d
019 1 |a 50466  |5 LACONCORD2021 
035 |a (OCoLC)149371  |5 LACONCORD2021 
082 0 4 |a 382.0952 
100 1 |a Kojima, Kiyoshi,  |d 1920- 
245 1 0 |a Japan and a Pacific free trade area. 
260 |a Berkeley :  |b University of California Press,  |c [1971]. 
300 |a 195 p. :  |b illus. 
650 0 |a Free trade. 
651 0 |a Pacific Area  |x Commerce. 
651 0 |a Japan  |x Commerce. 
852 8 |b CARM  |h A1:AP10B0  |i B07339  |p 0370932  |f BK 
999 f f |i 9aeef178-23cc-5237-a6aa-4c90ea7f4a39  |s de0e7893-4ca0-53a8-bb80-7d41b6a251ee 
952 f f |p Can circulate  |a CAVAL  |b CAVAL  |c CAVAL  |d CARM 1 Store  |e B07339  |f A1:AP10B0  |h Other scheme  |i book  |m 0370932